00554nam a22001695i 4500001000700000003000900007005001700016008004100033040002000074100001700094245005500111260004400166300002200210490004300232830004300275852006600318161577ES-MaACL20230906212321.0041021s1873 gw |||| | eng d aCAM bspa cCAM1 aPayn, James.10aMurphy's master / cby the author of "Found dead". aLeipzig : bBernhard Tauchnitz, c1873. a286 p. ; c16 cm.1 aCollection of british authors ; v13120 aCollection of british authors ; v1312 aES-MaACLjG-13082 z-- Enc. hol. conservando la cub. original